Online Catalogue and eLibrary

Mary and human liberation (Record no. 4470)

MARC details
000 -LEADER
fixed length control field 00407nam a2200169Ia 4500
005 - DATE AND TIME OF LATEST TRANSACTION
control field 20240723042428.0
008 - FIXED-LENGTH DATA ELEMENTS--GENERAL INFORMATION
fixed length control field 240331s9999 xx 000 0 und d
082 ## - DDC Classification
Item Number - Author Mark BAL
Class No. 208.2
100 ## - MAIN ENTRY--PERSONAL NAME
Personal name Balasuriya,T
245 #0 - TITLE STATEMENT
Title Mary and human liberation
260 ## - PUBLICATION, DISTRIBUTION, ETC.
Place of publication, distribution, etc. Colombo
Name of publisher, distributor, etc. Centre for Society & Religion
300 ## - PHYSICAL DESCRIPTION
Extent (e.g. Volumes, Pages etc.) vi, 210 p .,
650 ## - SUBJECT ADDED ENTRY--TOPICAL TERM
Topical term or geographic name entry element Women
650 ## - SUBJECT ADDED ENTRY--TOPICAL TERM
Topical term or geographic name entry element Religion
650 ## - SUBJECT ADDED ENTRY--TOPICAL TERM
Topical term or geographic name entry element Society
942 ## - Koha item type (Biblio)
Koha item type Books in Stacks (Lending)
Holdings
Lost status Damaged status Collection code Home library Current library Shelving location Date acquired Full call number Accession Number Item type
    Lending WERC Library WERC Library Social Science Cupboard 03/31/2024 208.2 BAL 6064 Books in Stacks (Lending)

© WERC Library